书目信息 |
| 题名: |
河流污染治理技术与实践
|
|
| 作者: | 徐祖信 著 | |
| 分册: | ||
| 出版信息: | 北京 中国水利水电出版社 2003 |
|
| 页数: | 786页 | |
| 开本: | 26cm | |
| 丛书名: | ||
| 单 册: | ||
| 中图分类: | X522 | |
| 科图分类: | ||
| 主题词: | 河流污染--污染防治 , 河流污染 , 污染防治 | |
| 电子资源: | ||
| ISBN: | 7-5084-1419-5 | |
| 000 | 00945nam0 2200253 450 | |
| 001 | 002365789 | |
| 005 | 20221010152534.28 | |
| 010 | @a7-5084-1419-5@b精装@dCNY136.00 | |
| 100 | @a20030527d2003 em y0chiy50 ea | |
| 101 | 0 | @achi |
| 102 | @aCN@b110000 | |
| 105 | @aa z 000yy | |
| 200 | 1 | @a河流污染治理技术与实践@Ahe liu wu ran zhi li ji shu yu shi jian@f徐祖信编著@Fxu zu xin bian zhu |
| 210 | @a北京@c中国水利水电出版社@d2003 | |
| 215 | @a786页@c彩照@d26cm | |
| 330 | @a本书介绍了点污染源和面污染源治理技术、河水微生物就地净化技术、河流曝气复氧技术、河水絮凝技术、河流生态系统恢复技术、综合调水技术,还对河流水质和生态系统的监测指标体系和方法作了扼要介绍。 | |
| 510 | 1 | @aTechnology and Practice of River Pollution Rehabilitation@zeng |
| 606 | 0 | @a河流污染@x污染防治 |
| 606 | 0 | @a河流污染 |
| 606 | 0 | @a污染防治 |
| 690 | @aX522@v4 | |
| 701 | 0 | @a徐祖信@Axu zu xin@c(女)@4著 |
| 801 | 0 | @aCN@bNLC@c20070807 |
| 905 | @dX522@e89@f1 | |
| 河流污染治理技术与实践/徐祖信编著.-北京:中国水利水电出版社,2003 |
| 786页:彩照;26cm |
| ISBN 7-5084-1419-5(精装):CNY136.00 |
| 本书介绍了点污染源和面污染源治理技术、河水微生物就地净化技术、河流曝气复氧技术、河水絮凝技术、河流生态系统恢复技术、综合调水技术,还对河流水质和生态系统的监测指标体系和方法作了扼要介绍。 |
| ● |
| 相关链接 |
|
|
|
|
正题名:河流污染治理技术与实践
索取号:X522/89
 
预约/预借
| 序号 | 登录号 | 条形码 | 馆藏地/架位号 | 状态 | 备注 |
| 1 | 0853265 | 208532658 | 第二样本阅览室/ [索取号:X522/89] | 在馆 |